000 00602cam a22001932 4500
001 0000000597
005 20170406112730.0
008 131113s xx 000 0 eng d
020 _a081391508 :
_c$
040 _aYour Holding Symbol
_cYour Holding Symbol
100 1 _aLash,Nicholas.
245 1 0 _aEaster in ordinary :
_breflections on human experience and the knowledge of god /
_cnicholas lash.
250 _a ed.
260 _acharlottesville :
_buniversity press of virginia,
_c1986.
300 _a311 p. ;
_c cm.
504 _aindex.
650 0 _aethics.
908 _a131113
999 _c524
_d524